The Woeful Second World War / (Record no. 5314)

MARC details
000 -LEADER
fixed length control field 01149nam a22003017a 4500
001 - CONTROL NUMBER
control field 5314
003 - CONTROL NUMBER IDENTIFIER
control field FISKH
005 - DATE AND TIME OF LATEST TRANSACTION
control field 20241125164843.0
008 - FIXED-LENGTH DATA ELEMENTS--GENERAL INFORMATION
fixed length control field 241125b cb ||||| |||| 00| 0 eng d
020 ## - INTERNATIONAL STANDARD BOOK NUMBER
International Standard Book Number 9780439943994
040 ## - CATALOGING SOURCE
Original cataloging agency FISKH
Language of cataloging eng
Transcribing agency FISKH
Modifying agency FISKH
050 ## - LIBRARY OF CONGRESS CALL NUMBER
Classification number D743.D43
082 ## - DEWEY DECIMAL CLASSIFICATION NUMBER
Classification number 940.53
100 ## - MAIN ENTRY--PERSONAL NAME
Personal name Deary, Terry
245 ## - TITLE STATEMENT
Title The Woeful Second World War /
Statement of responsibility, etc. by Terry Deary : illustrated by Martin Brown
260 ## - PUBLICATION, DISTRIBUTION, ETC.
Place of publication, distribution, etc. London :
Name of publisher, distributor, etc. Scholastic ;
Date of publication, distribution, etc. 1999.
300 ## - PHYSICAL DESCRIPTION
Extent 139 pages :
Other physical details illustrations ;
Dimensions 21 cm .
490 ## - SERIES STATEMENT
Series statement Horrible Histories
505 ## - FORMATTED CONTENTS NOTE
Formatted contents note X <br/>
520 ## - SUMMARY, ETC.
Summary, etc. Discover all the foul facts about the Woeful Second World War in this classic Horrible Histories title. All the foul facts about the Woeful Second World War are ready to uncover, including: why the blitzed Brits ate chicken-fruit, sinkers and nutty what really happened in Dad's Army and how to make a rude noise with a gas mask.
521 8# - TARGET AUDIENCE NOTE
Target audience note 890 <br/>
Source Lexile <br/>
521 8# - TARGET AUDIENCE NOTE
Target audience note X <br/>
Source Raz-Plus <br/>
650 ## - SUBJECT ADDED ENTRY--TOPICAL TERM
Topical term or geographic name entry element humor
Form subdivision Non-fiction
650 ## - SUBJECT ADDED ENTRY--TOPICAL TERM
Topical term or geographic name entry element history
Form subdivision Non-fiction
700 ## - ADDED ENTRY--PERSONAL NAME
Personal name Brown, Martin
Dates associated with a name illustrator
942 ## - ADDED ENTRY ELEMENTS (KOHA)
Source of classification or shelving scheme Dewey Decimal Classification
Koha item type Books
Suppress in OPAC No
Holdings
Withdrawn status Lost status Source of classification or shelving scheme Damaged status Not for loan Collection Home library Current library Shelving location Date acquired Total Checkouts Full call number Barcode Date last seen Price effective from Koha item type
    Dewey Decimal Classification     Non-Fiction Footprints International School Library Network Toul Kork Campus Footprints International School Library Network Toul Kork Campus TTP Secondary Non-Fiction Bookshelves 11/25/2024   DEA 940.53 D743.D43 FIS05430 11/25/2024 11/25/2024 Books